00592nam a22001697a 450000500170000001000130001702000260003003500110005603700130006708200080008010000410008824500740012924600520020326000520025527000920030730000230039920200909143647.0 aUR-10848 c107.00a9789389733150 aU-9403 bDBAD/PUB a841 aمعر ا ج ا حمد معر ا ج  aحر ف حر ف ا عتبا ر cمعر ا ج ا حمد معر ا ج  bHarf Harf Aitbar (Urdu)aby Meraj Ahmed Meraj  aN.Delhi bEducational Publishing Housec2019 ء aH.O.D1/16,Ansari Road,Darya ganj,bN.Delhie110002k45678285,23216162l0091-11-23211540 a160 ص c22 Cm(Hb)